000 01293nam0a22002771 4500
001 rc\4429718
005 20250611172715.0
021 _aRU
_bП6366-62
035 _a(NLR Aleph) 008310730
090 _a8695370
_c8695370
100 _a20130416d1961 |||y0rusy50 ca
101 0 _arus
102 _aRU
105 _aa z |||||
200 1 _aЭнергетическое хозяйство металлургических заводов Чехословакии
_fИнж. А.Н. Иванов
210 _aМосква
_cБ. и.
_d1961
215 _a19 с.
_cил.
_d27
225 1 _aГосударственный комитет Совета Министров СССР по координации научно-исследовательских работ. Центральный институт информации черной металлургии. Информация...
_hСерия 10
_iЭнергетика предприятий черной металлургии
_v№ 5
300 _aНа обл. авт. не указан
300 _aОтпеч. множит. аппаратом
700 1 _aИванов
_bА.Н.
_gАлександр Николаевич
801 0 _aRU
_bNLR
_gpsbo
801 1 _aRU
_bELAR
_2rusmarc
852 _aNLR
_jП11/1904
942 _cBOOK
980 _aNB